Poder y ciudadanía: estudios sobre Hobbes, Foucault, Habermas y Arendt

Αποθηκεύτηκε σε:
Λεπτομέρειες βιβλιογραφικής εγγραφής
Κύριος συγγραφέας: Figueroa, Maximiliano (Συγγραφέας)
Μορφή: Βιβλίο
Γλώσσα:Ισπανικά
Έκδοση: Santiago Ril Editores 2014
Santiago Universidad Adolfo Ibañez 2014
Έκδοση:1a. ed
Σειρά:Bibliodiversidad
Θέματα:
Ετικέτες: Προσθήκη ετικέτας
Δεν υπάρχουν, Καταχωρήστε ετικέτα πρώτοι!

MARC

LEADER 00000cam a2200000 a 4500
001 UCE5776
003 CL-VaPUC
005 20241127104741.0
008 150305e20140100cl |||||||||||||||||spa|d
999 |c 358381  |d 358379 
020 |a 9789560100580 
040 |c Pontificia Universidad Católica de Valparaíso 
082 0 4 |a 320.01  |b FIG  |2 21 
100 0 |a Figueroa, Maximiliano  |e author  |9 578452 
245 1 0 |a Poder y ciudadanía: estudios sobre Hobbes, Foucault, Habermas y Arendt 
250 |a 1a. ed 
260 |a Santiago  |b Ril Editores  |c 2014 
260 |a Santiago  |b Universidad Adolfo Ibañez  |c 2014 
300 |a 152 p 
490 0 |a Bibliodiversidad 
583 |a last modification  |c 20150305 12:52:00  |k Rodrigo Vera 
600 0 |a Hobbes, Thomas  |d 1588-1679  |9 860396 
600 0 |a Foucault, Michel  |9 257945 
600 0 7 |a HABERMAS, JURGEN  |2 CL-VaPUC  |9 334312 
600 0 7 |a ARENDT, HANNAH  |2 CL-VaPUC  |9 376197 
650 0 |a Ciudadanía  |9 258339 
650 7 |a FILOSOFIA POLITICA  |2 CL-VaPUC  |9 578453 
650 0 |a Ciencias Políticas  |9 255201 
942 |c BK  |2 ddc 
945 |d 20150305 12:52:00  |a arojas 
952 |0 0  |1 0  |3 erb  |4 0  |6 320_010000000000000_FIG_2014_2014  |7 0  |8 A  |9 467046  |a BIBCUR  |b BIBCUR  |i 5137632  |l 1  |m 1  |o 320.01 FIG 2014 2014  |p 5137632  |r 2025-04-22  |s 2022-09-26  |w 2019-11-23  |y BK  |z Catalogado en:20150305  |k PER